000170334 001__ 170334
000170334 005__ 20260410165451.0
000170334 0247_ $$2doi$$a10.1002/vms3.70753
000170334 0248_ $$2sideral$$a148799
000170334 037__ $$aART-2026-148799
000170334 041__ $$aeng
000170334 100__ $$0(orcid)0000-0002-1611-6337$$aGonzález, Noelia$$uUniversidad de Zaragoza
000170334 245__ $$aChanges in the Mare Oviduct Across Different Seasons Throughout the Year
000170334 260__ $$c2026
000170334 5060_ $$aAccess copy available to the general public$$fUnrestricted
000170334 5203_ $$aAt present, oviductal pathologies and their influence on mare fertility have not been clearly determined. Checking changes throughout the year in the oviductal structure may be relevant to understand the influence on the appearance of problems in oviductal functionality and, thus, the impact on fertility, which is the objective of this work. The oviducts of 56 mares were examined. Their anatomy, permeability, oviductal cellularity and the presence of pathologies were assessed to establish the correlations between the time of the year and each of these parameters. We cannot conclude whether there is a correlation between oviductal permeability or the presence of pathologies and season. Also, we did not find a relationship between oviductal permeability and the presence of pathologies; in fact, most of the oviducts analysed were permeable throughout the year (88.13%), and only 5.93% showed partial permeability, while 5.93% were not permeable. Regarding pathologies, 7.62% of the oviducts presented adhesions, with an increased incidence during anoestrus and the spring transitional period, while 23.72% of the oviducts presented paraoviductal cysts and 41.52% presented paraovarian cysts. The incidence of oviductal thickening was observed only during the reproductive season (14.7%). Regarding oviductal cellularity, it´s correlated (0.236) with the ovarian activity observed throughout the year.
000170334 536__ $$9info:eu-repo/grantAgreement/ES/DGA-FEDER/A17-17R-RAySA
000170334 540__ $$9info:eu-repo/semantics/openAccess$$aby-nc-nd$$uhttps://creativecommons.org/licenses/by-nc-nd/4.0/deed.es
000170334 655_4 $$ainfo:eu-repo/semantics/article$$vinfo:eu-repo/semantics/publishedVersion
000170334 700__ $$aVarela, Agatha
000170334 700__ $$0(orcid)0000-0002-1204-4356$$ade Blas, Nacho$$uUniversidad de Zaragoza
000170334 700__ $$0(orcid)0000-0002-0797-1841$$aGil, Lydia$$uUniversidad de Zaragoza
000170334 7102_ $$11009$$2773$$aUniversidad de Zaragoza$$bDpto. Patología Animal$$cÁrea Sanidad Animal
000170334 7102_ $$11009$$2617$$aUniversidad de Zaragoza$$bDpto. Patología Animal$$cÁrea Medicina y Cirugía Animal
000170334 773__ $$g12, 2 (2026)$$pVet. med. sci.$$tVeterinary medicine and science$$x2053-1095
000170334 8564_ $$s2632671$$uhttps://zaguan.unizar.es/record/170334/files/texto_completo.pdf$$yVersión publicada
000170334 8564_ $$s2233363$$uhttps://zaguan.unizar.es/record/170334/files/texto_completo.jpg?subformat=icon$$xicon$$yVersión publicada
000170334 909CO $$ooai:zaguan.unizar.es:170334$$particulos$$pdriver
000170334 951__ $$a2026-04-10-13:46:47
000170334 980__ $$aARTICLE